000 00277nam a2200133Ia 4500
100 _aSmith/R.J
942 _cBK
654 _adevices
245 _aElectronics circuits & devices
260 _bJohn wiley
_aNew York
_c1987
300 _a476
546 _aENGLISH
999 _c32131
_d32131